000 00320nam a2200121Ia 4500
008 190216s9999||||xx |||||||||||||| ||und||
100 _a"Cauvery R, Sudhanayak, Girija M , 
 Kruparami&Amp; Meenakshi"
245 0 _aResearch Methodology
260 _bS Chand & Co
300 _a215
650 _aCommerce
942 _cBK
999 _c7104
_d7104